000 00935nas a2200289 4500
001 BR2017001876
003 BR-BrBNA
005 20231205131037.0
007 ta
008 230509b bl.|||p| |||| 00| 00por d
040 _aBR-BrBNA
_bpor
_cBiblioteca Nacional de Agricultura
041 _a(Pt)
072 _aL60; L52
100 1 _aLima, G.V.
100 1 _aOshiro, L.M.Y.
110 1 _aFundação Zoobotânica do Rio Grande do Sul, Porto Alegre (Brasil)
_95072
245 1 _aCrescimento somático do caranguejo-uçá Ucides cordatus (Crustacea, Brachyura, Ocypodidae)em laboratório
650 _aCARANGUEJO
650 _aCARAPAÇA
650 _aCRESCIMENTO
650 _aPRODUÇÃO ANIMAL
650 _aMUDA
650 _aINCREMENTO
773 0 _tIheringia. Série Zoologia (Brazil)
_xISSN 0073-4721
_g(Dec 2006), v. 96(4) p. 467-472
_wBR2017001876
909 _a202311
_bLúcia
_c55
_dLúcia Elande
942 _2AGRIS
_n0
_cANA
999 _c252724
_d252724